000 00470nam a2200157 i 4500
001 23687
003 ES-MaACL
005 20230906152921.0
007 t|
008 021212s1908 pn ||||1| spa d
100 1 _aAmador Guerrero, M.
_921091
245 1 0 _aMensaje del Presidente de la República a la Asamblea Nacional de 1908 /
_cM. Amador Guerrero.
260 _aPanamá :
_b[s.n.,
_c1908] (
_fEl Istmo)
300 _a14 p. ;
_c29 cm.
852 _aES-MaACL
_j1721-F-18
999 _c23687
_d23687